000 00682nam a22002297a 4500
003 DO-SdBNP
005 20230316133749.0
007 ta
008 230316b1993 dr ||||| |||| 00| 0 spa d
040 _aDO-SdBNP
_cBNPHU
_bspa
049 _aBNPD
082 4 _bI59j 1993
_222
245 0 0 _aInstitucionalidad y justicia /
_ceditores Milton Ray Guevara y Lidia Cabral
260 _aSanto Domingo :
_bFundación Institucionalidad y Justicia (FINJUS),
_c1993.
300 _av. ;
_c24 cm.
590 _aInventariado, 2023/BT
700 1 _aRay Guevara, Milton
_eeditor
_99389
700 1 _aCabral, Lidia,
_eeditor
_983184
700 1 _aV
_914581
910 _aBtavárez
942 _2ddc
_cLBS1
999 _c53152
_d53152